|
|
|
|
| LEADER |
00000nam0a2200000 4500 |
| 001 |
200371 |
| 005 |
20231031184653.0 |
| 020 |
|
|
|a RU
|b 88-37327
|
| 035 |
|
|
|a (RuTPU)RU\TPU\book\218441
|
| 090 |
|
|
|a 200371
|
| 100 |
|
|
|a 20110906d1988 m a0rusy5003 ca
|
| 101 |
0 |
|
|a rus
|
| 102 |
|
|
|a RU
|
| 105 |
|
|
|a a z 001zy
|
| 200 |
1 |
|
|a Сейсмостойкие подъемно-транспортные машины атомных станций
|f Н. Н. Панасенко, С. Г. Божко
|
| 210 |
|
|
|a Красноярск
|c Изд-во Краснояр. ун-та
|d 1988
|
| 215 |
|
|
|a 208 с.
|c ил.
|d 20 см
|
| 320 |
|
|
|a Библиогр.: с. 178-187. (140 назв.)
|
| 610 |
1 |
|
|a атомные электрические станции
|
| 610 |
1 |
|
|a подъемно-транспортное оборудование
|
| 610 |
1 |
|
|a сейсмостойкость
|
| 610 |
1 |
|
|a атомные станции
|
| 610 |
1 |
|
|a ядерное топливо
|
| 610 |
1 |
|
|a металлоконструкции
|
| 610 |
1 |
|
|a подъемно-транспортные машины
|
| 675 |
|
|
|a 621.311.25:621.039.002.5
|z rus
|
| 700 |
|
1 |
|a Панасенко
|b Н. Н.
|g Николай Никитович
|4 070
|
| 701 |
|
1 |
|a Божко
|b С. Г.
|g Сергей Григорьевич
|4 070
|
| 801 |
|
0 |
|a RU
|b RuMRKP
|c 19950417
|g psbo
|
| 801 |
|
1 |
|a RU
|b 63413507
|c 20110906
|
| 801 |
|
2 |
|a RU
|b 63413507
|c 20111101
|g RCR
|
| 942 |
|
|
|c BK
|